000 01601 a2200253 4500
001 53243
005 20260407155806.0
008 260407a2021 arg spa d
003 AR-UNSa-BCEJYS
040 _aAR-UNSa-BCEJYS
_bspa
_cAR-UNSa-BCEJYS
080 _a336.221
_xTributación
245 1 0 _aProcedimiento fiscal
_pexplicado y comentado
020 _a978-987-01-2685-0
250 _a14a. ed.
264 1 _aBuenos Aires :
_bErrepar
_c2021
300 _ax, 237 p.
_c27 cm.
505 _a1. Procedimiento fiscal – 2. Interpretación de leyes tributarias – 3. Domicilio, términos y notificaciones – 4. Relación jurídico – tributaria – 5. Liquidación y percepción de impuesto – 6. Extinción de la obligación tributaria – 7. Verificación y fiscalización – 8. Intereses, actualización e ilícitos tributarios – 9. Determinación de oficio – 10. Acción de repetición – 11. Recursos administrativos contra resoluciones de la AFIP – 12. Recursos y demandas ante la justicia – 13. Juicio de ejecución fiscal y pago provisorio de impuestos vencidos – 14. Tribunal fiscal de la nación. L.: 149/DR:76 A 87 – 15. Procedimiento de acuerdo mutuo previsto en los convenios para evitar la doble imposición internacional – 16. Determinaciones conjuntas de precios de operaciones internacionales.
041 _aspa
942 _cBK
590 _aniveau_biblio:m niveau_hierar:0
100 1 _aCeldeiro, Ernesto Carlos
700 1 _aImirizaldu, Juan José
856 4 1 _uhttps://www.biblioeco.unsa.edu.ar/pmb/images/libros/L128386.jpg
_yImagen de portada
_qimage/jpeg
999 _c5161
_d5161